[Event "3MCR_4D_2LA_4S"]
[Site "?"]
[Date "1999.??.??"]
[Round "4"]
[White "Trcka, Vaclav"]
[Black "Celbr, Rudolf"]
[Result "1/2-1/2"]
[WhiteElo "2130"]
[BlackElo "1800"]
[PlyCount "63"]
[EventDate "1999.??.??"]
[EventType "corr"]

1. d4 Nf6 2. c4 e6 3. Nc3 Bb4 4. Qc2 c5 5. dxc5 O-O 6. Nf3 Na6 7. Bg5 Nxc5 8.
Nd2 h6 9. Bh4 d5 10. cxd5 g5 11. Bg3 exd5 12. a3 Bxc3 13. Qxc3 b6 14. Be5 Nfe4
15. Nxe4 Nxe4 16. Qd4 f6 17. Bg3 Bb7 18. e3 Rc8 19. Bb5 Qe7 20. Rd1 Rf7 21. Bd3
f5 22. f3 f4 23. fxe4 fxg3 24. hxg3 Qe6 25. exd5 Bxd5 26. g4 Bxg2 27. Bf5 Rxf5
28. gxf5 Qxf5 29. e4 Re8 30. Qc4+ Kh7 31. Qc7+ Kg8 32. Qc4+ 1/2-1/2

[Event "3MCR_4D_2LA_4S"]
[Site "?"]
[Date "1999.??.??"]
[Round "4"]
[White "Dudek, Karel"]
[Black "Trcka, Vaclav"]
[Result "1/2-1/2"]
[WhiteElo "2020"]
[BlackElo "2130"]
[PlyCount "35"]
[EventDate "1999.??.??"]
[EventType "corr"]

1. e4 c5 2. Nf3 Nc6 3. Bb5 e6 4. O-O Nge7 5. b3 a6 6. Bxc6 Nxc6 7. Bb2 d6 8. d4
cxd4 9. Nxd4 Nxd4 10. Qxd4 e5 11. Qd5 Be7 12. c4 Qb6 13. Nc3 O-O 14. Qd2 Be6
15. Nd5 Bxd5 16. Qxd5 Rfc8 17. Kh1 Qc6 18. Rac1 1/2-1/2

[Event "3MCR_4D_2LA_4S"]
[Site "?"]
[Date "1999.??.??"]
[Round "4"]
[White "Orlicek, Karel"]
[Black "Dudek, Karel"]
[Result "1/2-1/2"]
[WhiteElo "2010"]
[BlackElo "2020"]
[PlyCount "28"]
[EventDate "1999.??.??"]
[EventType "corr"]

1. d4 d5 2. Nf3 Nf6 3. Bg5 Ne4 4. Bf4 Bf5 5. Nbd2 e6 6. e3 Bd6 7. Bxd6 Nxd6 8.
c4 O-O 9. Be2 Nd7 10. O-O dxc4 11. Nxc4 Nxc4 12. Bxc4 c6 13. Rc1 Qb6 14. Qb3
Qxb3 1/2-1/2

[Event "3MCR_4D_2LA_4S"]
[Site "?"]
[Date "1999.??.??"]
[Round "4"]
[White "Dudek, Karel"]
[Black "Macik, Jiri"]
[Result "1/2-1/2"]
[WhiteElo "2020"]
[BlackElo "2050"]
[PlyCount "50"]
[EventDate "1999.??.??"]
[EventType "corr"]

1. e4 Nf6 2. e5 Nd5 3. d4 d6 4. c4 Nb6 5. f4 dxe5 6. fxe5 Nc6 7. Be3 Bf5 8. Nc3
e6 9. Nf3 Be7 10. d5 Nb4 11. Rc1 exd5 12. a3 c5 13. axb4 d4 14. Bxd4 cxd4 15.
Nxd4 Qb8 16. Nxf5 Qxe5+ 17. Be2 Qxf5 18. c5 Rd8 19. Qc2 Qxc2 20. Rxc2 Nd7 21.
Bf3 Ne5 22. Bxb7 Nd3+ 23. Kf1 Nxb4 24. Re2 Rd4 25. c6 Rf4+ 1/2-1/2

[Event "3MCR_4D_2LA_4S"]
[Site "?"]
[Date "1999.??.??"]
[Round "4"]
[White "Dudek, Karel"]
[Black "Rybakova, Ivana"]
[Result "0-1"]
[WhiteElo "2020"]
[BlackElo "1400"]
[PlyCount "58"]
[EventDate "1999.??.??"]
[EventType "corr"]

1. e4 e5 2. Nf3 Nc6 3. Bb5 a6 4. Ba4 Nf6 5. O-O Be7 6. Re1 b5 7. Bb3 O-O 8. c3
d5 9. exd5 Nxd5 10. Nxe5 Nxe5 11. Rxe5 c6 12. d4 Bd6 13. Re1 Qh4 14. g3 Qh3 15.
Be3 Bg4 16. Qd3 Rae8 17. Nd2 f5 18. f4 g5 19. Qf1 Qh5 20. Qg2 gxf4 21. Bxd5+
cxd5 22. Qxd5+ Kg7 23. Bxf4 Bxf4 24. gxf4 Kh8 25. Re5 Rg8 26. Kh1 Rd8 27. Qc6
Rd6 28. Qg2 Bh3 29. Qf2 Bg2+ 0-1

[Event "3MCR_4D_2LA_4S"]
[Site "?"]
[Date "1999.??.??"]
[Round "4"]
[White "Dudek, Karel"]
[Black "Rubes, Zdenek"]
[Result "0-1"]
[WhiteElo "2020"]
[BlackElo "1800"]
[PlyCount "44"]
[EventDate "1999.??.??"]
[EventType "corr"]

1. e4 c5 2. Nf3 Nf6 3. e5 Nd5 4. Nc3 e6 5. Nxd5 exd5 6. d4 Nc6 7. dxc5 Bxc5 8.
Qxd5 Qb6 9. Bc4 Bxf2+ 10. Ke2 O-O 11. Rf1 Bc5 12. Ng5 Nd4+ 13. Kd1 Ne6 14. c3
d6 15. b4 Nxg5 16. bxc5 Qa5 17. cxd6 Qxc3 18. Bxg5 Bg4+ 19. Rf3 Qxa1+ 20. Kc2
Rac8 21. Rxf7 Qxa2+ 22. Kd3 Qe2+ 0-1

[Event "3MCR_4D_2LA_4S"]
[Site "?"]
[Date "1999.??.??"]
[Round "4"]
[White "Portych, Vaclav"]
[Black "Dudek, Karel"]
[Result "0-1"]
[WhiteElo "1925"]
[BlackElo "2020"]
[PlyCount "48"]
[EventDate "1999.??.??"]
[EventType "corr"]

1. c4 c5 2. Nc3 Nf6 3. g3 d5 4. cxd5 Nxd5 5. Bg2 Nc7 6. Nf3 Nc6 7. O-O e5 8. d3
Be7 9. Nd2 Bd7 10. Nc4 f6 11. f4 b5 12. Ne3 Rc8 13. a4 b4 14. Ne4 O-O 15. Nc4
Be6 16. Nxf6+ Rxf6 17. fxe5 Nxe5 18. Bf4 Nxc4 19. dxc4 Bxc4 20. Qxd8+ Bxd8 21.
Rfc1 Be6 22. Rxc5 Ne8 23. Bf3 Bb6 24. Kg2 Rxc5 0-1

[Event "3MCR_4D_2LA_4S"]
[Site "?"]
[Date "1999.??.??"]
[Round "4"]
[White "Doktor, Pavel"]
[Black "Dudek, Karel"]
[Result "1-0"]
[WhiteElo "1985"]
[BlackElo "2020"]
[PlyCount "39"]
[EventDate "1999.??.??"]
[EventType "corr"]

1. e4 c5 2. d4 cxd4 3. Nf3 Qa5+ 4. c3 dxc3 5. Nxc3 d6 6. Bc4 Nf6 7. O-O Nbd7 8.
Bf4 Nb6 9. Bb3 Bg4 10. e5 dxe5 11. Nxe5 Be6 12. Bxe6 fxe6 13. Qe2 Nbd5 14. Bd2
a6 15. Rfe1 Qb6 16. Rad1 Rc8 17. Rc1 Rc7 18. Nxd5 exd5 19. Qe3 d4 20. Qb3 1-0

[Event "3MCR_4D_2LA_4S"]
[Site "?"]
[Date "1999.??.??"]
[Round "4"]
[White "Dudek, Karel"]
[Black "Kovac, Alexandr"]
[Result "1/2-1/2"]
[WhiteElo "2020"]
[BlackElo "1800"]
[PlyCount "36"]
[EventDate "1999.??.??"]
[EventType "corr"]

1. e4 c5 2. Nf3 Nc6 3. Bb5 g6 4. O-O Bg7 5. c3 Nf6 6. e5 Nd5 7. d4 cxd4 8. cxd4
O-O 9. Nc3 Nc7 10. Bf4 Nxb5 11. Nxb5 a6 12. Nc3 d6 13. exd6 Bg4 14. h3 Bxf3 15.
Qxf3 exd6 16. d5 Nd4 17. Qd3 Rc8 18. Rac1 Re8 1/2-1/2

[Event "3MCR_4D_2LA_4S"]
[Site "?"]
[Date "1999.??.??"]
[Round "4"]
[White "Doktor, Pavel"]
[Black "Rubes, Zdenek"]
[Result "1/2-1/2"]
[WhiteElo "1985"]
[BlackElo "1800"]
[PlyCount "41"]
[EventDate "1999.??.??"]
[EventType "corr"]

1. e4 c5 2. d4 cxd4 3. c3 Nf6 4. e5 Nd5 5. cxd4 d6 6. Nf3 Nc6 7. Bc4 Nb6 8. Bb3
dxe5 9. Nxe5 Nxe5 10. dxe5 Qxd1+ 11. Bxd1 Bd7 12. Bb3 g6 13. O-O Bg7 14. Re1 h6
15. Nc3 Rc8 16. Bd2 Nc4 17. Bxc4 Rxc4 18. Rac1 O-O 19. Nd5 Rxc1 20. Nxe7+ Kh7
21. Rxc1 1/2-1/2

[Event "3MCR_4D_2LA_4S"]
[Site "?"]
[Date "1999.??.??"]
[Round "4"]
[White "Rubes, Zdenek"]
[Black "Kovac, Alexandr"]
[Result "1/2-1/2"]
[WhiteElo "1800"]
[BlackElo "1800"]
[PlyCount "48"]
[EventDate "1999.??.??"]
[EventType "corr"]

1. d4 Nf6 2. Nf3 g6 3. c4 Bg7 4. Nc3 O-O 5. e4 d6 6. Be2 e5 7. O-O Nc6 8. d5
Ne7 9. b4 a5 10. Ba3 axb4 11. Bxb4 Nd7 12. a4 Bh6 13. a5 f5 14. Nd2 Nf6 15. c5
Bxd2 16. Qxd2 Nxe4 17. Nxe4 fxe4 18. cxd6 cxd6 19. Rfe1 Nf5 20. Bc3 Qh4 21.
Rab1 Qf4 22. Qxf4 exf4 23. Rb6 Rf7 24. Bg4 Rc7 1/2-1/2

[Event "3MCR_4D_2LA_4S"]
[Site "?"]
[Date "1999.??.??"]
[Round "4"]
[White "Trcka, Vaclav"]
[Black "Portych, Vaclav"]
[Result "0-1"]
[WhiteElo "2130"]
[BlackElo "1925"]
[PlyCount "36"]
[EventDate "1999.??.??"]
[EventType "corr"]

1. d4 Nf6 2. c4 e6 3. Nc3 Bb4 4. Qc2 c5 5. dxc5 O-O 6. Nf3 Na6 7. e3 Nxc5 8. a3
Bxc3+ 9. Qxc3 b6 10. b3 d5 11. Bb2 Bb7 12. Be2 Nce4 13. Qd4 Qe7 14. O-O Rfd8
15. Qe5 dxc4 16. bxc4 Rac8 17. Rfd1 h6 18. Qg3 Nxg3 0-1

[Event "3MCR_4D_2LA_4S"]
[Site "?"]
[Date "1999.??.??"]
[Round "4"]
[White "Volf, Frantisek"]
[Black "Portych, Vaclav"]
[Result "1-0"]
[WhiteElo "2000"]
[BlackElo "1925"]
[PlyCount "47"]
[EventDate "1999.??.??"]
[EventType "corr"]

1. d4 Nf6 2. c4 e6 3. g3 d5 4. Bg2 Be7 5. Nf3 O-O 6. O-O Nbd7 7. Qc2 c6 8. Nbd2
b5 9. cxd5 cxd5 10. Nb3 a5 11. Bf4 Nh5 12. Bc7 Qe8 13. Nxa5 Ba6 14. Nc6 Rc8 15.
Rfc1 Ndf6 16. Nxe7+ Qxe7 17. Qc6 Ne4 18. Ne5 f5 19. Qxa6 Rxc7 20. Rxc7 Qxc7 21.
Qxe6+ Kh8 22. Qxd5 Nd6 23. Qc5 Re8 24. Qxd6 1-0

[Event "3MCR_4D_2LA_4S"]
[Site "?"]
[Date "1999.??.??"]
[Round "4"]
[White "Macik, Jiri"]
[Black "Portych, Vaclav"]
[Result "1-0"]
[WhiteElo "2050"]
[BlackElo "1925"]
[PlyCount "41"]
[EventDate "1999.??.??"]
[EventType "corr"]

1. d4 Nf6 2. c4 e6 3. g3 d5 4. Bg2 dxc4 5. Nf3 Be7 6. O-O O-O 7. Qc2 a6 8. a4
Bd7 9. Qxc4 Bc6 10. Bg5 Bd5 11. Qd3 Be4 12. Qe3 Bc6 13. Nc3 Nbd7 14. Qd3 Bb4
15. Rfe1 h6 16. Bf4 Nd5 17. Bd2 Bxc3 18. bxc3 N7f6 19. Ne5 Qd6 20. Nxc6 bxc6
21. e4 1-0

[Event "3MCR_4D_2LA_4S"]
[Site "?"]
[Date "1999.??.??"]
[Round "4"]
[White "Trcka, Vaclav"]
[Black "Doktor, Pavel"]
[Result "0-1"]
[WhiteElo "2130"]
[BlackElo "1985"]
[PlyCount "30"]
[EventDate "1999.??.??"]
[EventType "corr"]

1. d4 Nf6 2. c4 e6 3. Nc3 Bb4 4. Qc2 b6 5. e4 Bb7 6. Bd3 c5 7. dxc5 Bxc3+ 8.
Qxc3 bxc5 9. Nf3 d6 10. O-O Nbd7 11. Re1 e5 12. a3 a5 13. Rb1 a4 14. Nh4 Nd5
15. Nf5 Nxc3 0-1

[Event "3MCR_4D_2LA_4S"]
[Site "?"]
[Date "1999.??.??"]
[Round "4"]
[White "Celbr, Rudolf"]
[Black "Volf, Frantisek"]
[Result "1/2-1/2"]
[WhiteElo "1800"]
[BlackElo "2000"]
[PlyCount "49"]
[EventDate "1999.??.??"]
[EventType "corr"]

1. c4 Nf6 2. Nf3 g6 3. Nc3 d5 4. cxd5 Nxd5 5. e4 Nxc3 6. bxc3 Bg7 7. Ba3 Nd7 8.
Bc4 O-O 9. d4 c5 10. O-O cxd4 11. cxd4 Nb6 12. Bb3 Bg4 13. e5 a5 14. Bc5 a4 15.
Bc2 Nd5 16. Be4 Nc3 17. Qd3 Nxe4 18. Qxe4 Bxf3 19. gxf3 b6 20. Ba3 Qd7 21. Rab1
Rfd8 22. Rfd1 Ra5 23. Kg2 Qe6 24. Qb7 Qd7 25. Qxd7 1/2-1/2

[Event "3MCR_4D_2LA_4S"]
[Site "?"]
[Date "1999.??.??"]
[Round "4"]
[White "Kovac, Alexandr"]
[Black "Doktor, Pavel"]
[Result "1/2-1/2"]
[WhiteElo "1800"]
[BlackElo "1985"]
[PlyCount "37"]
[EventDate "1999.??.??"]
[EventType "corr"]

1. d4 Nf6 2. c4 e6 3. Nc3 Bb4 4. Qc2 O-O 5. a3 Bxc3+ 6. Qxc3 b6 7. Bg5 Bb7 8.
Nh3 h6 9. Bh4 d5 10. cxd5 exd5 11. e3 c5 12. dxc5 g5 13. Bg3 Ne4 14. Qc2 Nd7
15. c6 Rc8 16. Bb5 Nxg3 17. hxg3 Bxc6 18. Bxc6 Nb8 19. Qf5 1/2-1/2

[Event "3MCR_4D_2LA_4S"]
[Site "?"]
[Date "1999.??.??"]
[Round "4"]
[White "Doktor, Pavel"]
[Black "Celbr, Rudolf"]
[Result "1/2-1/2"]
[WhiteElo "1985"]
[BlackElo "1800"]
[PlyCount "40"]
[EventDate "1999.??.??"]
[EventType "corr"]

1. e4 c5 2. Nf3 Nc6 3. d4 cxd4 4. Nxd4 d6 5. c4 Nf6 6. Nc3 Nxd4 7. Qxd4 g6 8.
Be3 Bg7 9. f3 O-O 10. Qd2 Be6 11. b3 b5 12. cxb5 Rc8 13. Rc1 Qa5 14. Ne2 Rxc1+
15. Nxc1 Qc7 16. Ne2 d5 17. Nd4 Bd7 18. Qc2 Qa5+ 19. Qd2 Qc7 20. Qc2 Qa5+
1/2-1/2

[Event "3MCR_4D_2LA_4S"]
[Site "?"]
[Date "1999.??.??"]
[Round "4"]
[White "Pech, Jan"]
[Black "Celbr, Rudolf"]
[Result "0-1"]
[WhiteElo "1800"]
[BlackElo "1800"]
[PlyCount "42"]
[EventDate "1999.??.??"]
[EventType "corr"]

1. d4 Nf6 2. c4 e6 3. Nc3 d5 4. Nf3 dxc4 5. e4 c5 6. Bxc4 cxd4 7. Nxd4 Bc5 8.
Be3 O-O 9. e5 Nfd7 10. f4 Qb6 11. b3 Rd8 12. Na4 Qa5+ 13. Bd2 Bb4 14. Bxb4
Qxb4+ 15. Kf2 Nb6 16. a3 Qa5 17. Bb5 Nxa4 18. Bxa4 Bd7 19. Bxd7 Rxd7 20. Qd3
Qb6 21. Rhd1 Nc6 0-1

[Event "3MCR_4D_2LA_4S"]
[Site "?"]
[Date "1999.??.??"]
[Round "4"]
[White "Volf, Frantisek"]
[Black "Trcka, Vaclav"]
[Result "1-0"]
[WhiteElo "2000"]
[BlackElo "2130"]
[PlyCount "39"]
[EventDate "1999.??.??"]
[EventType "corr"]

1. d4 f5 2. c4 Nf6 3. g3 e6 4. Bg2 Be7 5. Nc3 d5 6. cxd5 exd5 7. Nf3 c6 8. Bf4
Qb6 9. Rb1 O-O 10. O-O Re8 11. Na4 Qa5 12. Qc2 Ne4 13. Ne5 Nd7 14. Nxc6 bxc6
15. Qxc6 Ndf6 16. Qxa8 Qxa4 17. Rbc1 Bd7 18. Qb7 Qxd4 19. Rc7 a5 20. Rxd7 1-0

[Event "3MCR_4D_2LA_4S"]
[Site "?"]
[Date "1999.??.??"]
[Round "4"]
[White "Rybakova, Ivana"]
[Black "Celbr, Rudolf"]
[Result "1/2-1/2"]
[WhiteElo "1400"]
[BlackElo "1800"]
[PlyCount "45"]
[EventDate "1999.??.??"]
[EventType "corr"]

1. e4 c5 2. c3 d5 3. exd5 Qxd5 4. d4 Nf6 5. Nf3 Bg4 6. Be2 e6 7. h3 Bh5 8. O-O
Nc6 9. Be3 cxd4 10. cxd4 Be7 11. Nc3 Qd6 12. Qb3 O-O 13. Rfd1 Rfd8 14. Rac1 Qb4
15. Qxb4 Nxb4 16. g4 Bg6 17. Ne5 Nfd5 18. Nxd5 Nxd5 19. Bf3 Rac8 20. Nxg6 hxg6
21. Kf1 Bf6 22. Ke2 Kf8 23. Be4 1/2-1/2

[Event "3MCR_4D_2LA_4S"]
[Site "?"]
[Date "1999.??.??"]
[Round "4"]
[White "Rybakova, Ivana"]
[Black "Portych, Vaclav"]
[Result "1-0"]
[WhiteElo "1400"]
[BlackElo "1925"]
[PlyCount "55"]
[EventDate "1999.??.??"]
[EventType "corr"]

1. e4 c5 2. c3 Nf6 3. e5 Nd5 4. d4 cxd4 5. cxd4 d6 6. Nf3 Nc6 7. Bc4 Nb6 8. Bb3
dxe5 9. d5 Nd4 10. Nxd4 exd4 11. Qxd4 e6 12. Nc3 exd5 13. O-O Be6 14. Bf4 Qd7
15. Rfe1 Rg8 16. a4 g5 17. a5 gxf4 18. axb6 Bg7 19. Qxf4 Kf8 20. Bxd5 Bxc3 21.
Bxe6 Bd2 22. Qf3 Qe7 23. Re2 Kg7 24. Bc8 Qb4 25. Bxb7 Qxb2 26. Rd1 Rae8 27.
Rxe8 Rxe8 28. bxa7 1-0

[Event "3MCR_4D_2LA_4S"]
[Site "?"]
[Date "1999.??.??"]
[Round "4"]
[White "Orlicek, Karel"]
[Black "Pech, Jan"]
[Result "1/2-1/2"]
[WhiteElo "2010"]
[BlackElo "1800"]
[PlyCount "47"]
[EventDate "1999.??.??"]
[EventType "corr"]

1. d4 Nf6 2. Nf3 d5 3. Bg5 Ne4 4. Bf4 Bf5 5. Nbd2 c6 6. Nxe4 Bxe4 7. Nd2 Bg6 8.
e3 e6 9. Be2 Bd6 10. Bxd6 Qxd6 11. c4 Nd7 12. Qb3 b6 13. O-O O-O 14. Rac1 Nf6
15. cxd5 cxd5 16. Rc3 Rac8 17. Rfc1 Qb8 18. Ba6 Rxc3 19. Rxc3 Qd6 20. Qa3 Qxa3
21. Rxa3 Rd8 22. Kf1 Kf8 23. Rc3 Ne8 24. Ke2 1/2-1/2

[Event "3MCR_4D_2LA_4S"]
[Site "?"]
[Date "1999.??.??"]
[Round "4"]
[White "Bernath, Stepan"]
[Black "Volf, Frantisek"]
[Result "0-1"]
[WhiteElo "1800"]
[BlackElo "2000"]
[PlyCount "50"]
[EventDate "1999.??.??"]
[EventType "corr"]

1. e4 c6 2. d4 d5 3. exd5 cxd5 4. c4 Nf6 5. Nc3 Nc6 6. Bg5 Qa5 7. Bxf6 exf6 8.
cxd5 Bb4 9. Qd2 Bxc3 10. bxc3 Qxd5 11. Nf3 O-O 12. Be2 Re8 13. O-O Bg4 14. h3
Bh5 15. Rab1 a6 16. c4 Qe6 17. Rfe1 Bxf3 18. Bxf3 Qxc4 19. Rxe8+ Rxe8 20. d5
Nd4 21. Rxb7 Qc8 22. Qb4 Qc1+ 23. Kh2 Nxf3+ 24. gxf3 h6 25. Rb8 Qc7+ 0-1

[Event "3MCR_4D_2LA_4S"]
[Site "?"]
[Date "1999.??.??"]
[Round "4"]
[White "Dudek, Karel"]
[Black "Volf, Frantisek"]
[Result "1-0"]
[WhiteElo "2020"]
[BlackElo "2000"]
[PlyCount "74"]
[EventDate "1999.??.??"]
[EventType "corr"]

1. e4 c6 2. d4 d5 3. exd5 cxd5 4. c4 Nf6 5. Nc3 e6 6. Nf3 Bb4 7. cxd5 Nxd5 8.
Qc2 Nc6 9. Bd3 Nxd4 10. Nxd4 Nxc3 11. bxc3 Qxd4 12. Bb5+ Ke7 13. Bb2 Qe5+ 14.
Be2 Bd6 15. Rd1 b6 16. Qd2 Bb7 17. c4 Qf4 18. Qxf4 Bxf4 19. O-O Bd6 20. Rd3
Rhd8 21. Rfd1 f6 22. Rxd6 Rxd6 23. Ba3 Rad8 24. f3 e5 25. Rxd6 Rxd6 26. c5 Rc6
27. cxb6+ Ke6 28. bxa7 Rc7 29. Bb4 Bd5 30. a4 Rxa7 31. a5 Bb7 32. Bc4+ Kd7 33.
Kf2 Ba6 34. Bd5 Rc7 35. Bb3 Rb7 36. Ba4+ Kc7 37. Bb3 Rxb4 1-0

[Event "3MCR_4D_2LA_4S"]
[Site "?"]
[Date "1999.??.??"]
[Round "4"]
[White "Jordanek, Jiri"]
[Black "Volf, Frantisek"]
[Result "1/2-1/2"]
[WhiteElo "1800"]
[BlackElo "2000"]
[PlyCount "64"]
[EventDate "1999.??.??"]
[EventType "corr"]

1. e4 c6 2. d4 d5 3. Nc3 dxe4 4. Nxe4 Bf5 5. Ng3 Bg6 6. h4 h6 7. Nf3 Nd7 8. h5
Bh7 9. Bd3 Bxd3 10. Qxd3 Qc7 11. Bd2 e6 12. O-O-O Ngf6 13. Ne4 O-O-O 14. g3
Nxe4 15. Qxe4 Bd6 16. c4 c5 17. Bc3 Nf6 18. Qe2 cxd4 19. Nxd4 a6 20. Nf3 Qc5
21. Ne5 Bxe5 22. Bxe5 Ng4 23. Qxg4 Qxe5 24. Rhe1 Qc5 25. Qe2 Rxd1+ 26. Rxd1 Rd8
27. Rxd8+ Kxd8 28. Kc2 Ke7 29. Kb3 a5 30. Qe4 Qb6+ 31. Kc3 Qb4+ 32. Kc2 Qb6
1/2-1/2

[Event "3MCR_4D_2LA_4S"]
[Site "?"]
[Date "1999.??.??"]
[Round "4"]
[White "Rubes, Zdenek"]
[Black "Rybakova, Ivana"]
[Result "1-0"]
[WhiteElo "1800"]
[BlackElo "1400"]
[PlyCount "57"]
[EventDate "1999.??.??"]
[EventType "corr"]

1. e4 e5 2. Nc3 Nf6 3. f4 d5 4. fxe5 Nxe4 5. d3 Bb4 6. dxe4 Qh4+ 7. Ke2 Nc6 8.
Nf3 Bg4 9. Nxd5 O-O-O 10. Bf4 Rhe8 11. c3 Bc5 12. Kd2 Qh5 13. h3 Nxe5 14. Bxe5
Bxf3 15. Qxf3 Qxe5 16. Bd3 f5 17. Rae1 fxe4 18. Bxe4 Rf8 19. Qg4+ Kb8 20. Kc1
Rxd5 21. Bxd5 Qxd5 22. Qxg7 b6 23. Qxh7 Qxa2 24. Rhf1 Rxf1 25. Rxf1 Qa1+ 26.
Qb1 Be3+ 27. Kc2 Qa4+ 28. Kd3 Bh6 29. Qd1 1-0

[Event "3MCR_4D_2LA_4S"]
[Site "?"]
[Date "1999.??.??"]
[Round "4"]
[White "Rubes, Zdenek"]
[Black "Volf, Frantisek"]
[Result "1/2-1/2"]
[WhiteElo "1800"]
[BlackElo "2000"]
[PlyCount "79"]
[EventDate "1999.??.??"]
[EventType "corr"]

1. d4 Nf6 2. Nf3 g6 3. c4 Bg7 4. Nc3 O-O 5. e4 d6 6. Be2 e5 7. O-O Nc6 8. d5
Ne7 9. b4 Nh5 10. Re1 a5 11. Ba3 axb4 12. Bxb4 b6 13. a4 Nf4 14. Bf1 f5 15. g3
fxe4 16. Nxe4 Nh3+ 17. Bxh3 Bxh3 18. Nfg5 Bf5 19. Ne6 Bxe6 20. dxe6 Nc6 21. Bc3
Qc8 22. Qd3 Qxe6 23. Ng5 Qe8 24. Qd5+ Kh8 25. Ne6 Rf7 26. Nxg7 Kxg7 27. f4 Re7
28. fxe5 Nxe5 29. a5 bxa5 30. c5 Qg8 31. Rxe5 dxe5 32. Bxe5+ Kh6 33. Qd4 g5 34.
Rf1 Rf8 35. Bf6 Qe6 36. Bxg5+ Kxg5 37. Rxf8 Kg6 38. Rf4 Qe5 39. Qd3+ Kg7 40.
Qa3 1/2-1/2

[Event "3MCR_4D_2LA_4S"]
[Site "?"]
[Date "1999.??.??"]
[Round "4"]
[White "Bernath, Stepan"]
[Black "Rubes, Zdenek"]
[Result "1/2-1/2"]
[WhiteElo "1800"]
[BlackElo "1800"]
[PlyCount "48"]
[EventDate "1999.??.??"]
[EventType "corr"]

1. e4 c6 2. d4 d5 3. exd5 cxd5 4. c4 Nf6 5. Nc3 e6 6. Nf3 Bb4 7. Bd2 Nc6 8. c5
O-O 9. Bb5 Qc7 10. Bxc6 bxc6 11. O-O Bxc3 12. Bxc3 Ne4 13. Qc2 f6 14. b4 Re8
15. Rfe1 a5 16. bxa5 Nxc3 17. Qxc3 Rxa5 18. h3 Qa7 19. a3 Bd7 20. Re3 Rb8 21.
Qe1 Ra6 22. Qe2 Bc8 23. Qc2 Ra5 24. Rb3 Rxb3 1/2-1/2

[Event "3MCR_4D_2LA_4S"]
[Site "?"]
[Date "1999.??.??"]
[Round "4"]
[White "Bernath, Stepan"]
[Black "Dudek, Karel"]
[Result "1/2-1/2"]
[WhiteElo "1800"]
[BlackElo "2020"]
[PlyCount "40"]
[EventDate "1999.??.??"]
[EventType "corr"]

1. e4 c5 2. Nf3 d6 3. d4 cxd4 4. Nxd4 Nf6 5. Nc3 a6 6. Bc4 e6 7. O-O b5 8. Bb3
Be7 9. Qf3 Qc7 10. Qg3 Nc6 11. Be3 O-O 12. Nxc6 Qxc6 13. Bh6 Ne8 14. Nd5 Bd8
15. Bg5 Bxg5 16. Qxg5 Qc5 17. Ne7+ Kh8 18. Qxc5 dxc5 19. Nxc8 Rxc8 20. c3 Rd8
1/2-1/2

[Event "3MCR_4D_2LA_4S"]
[Site "?"]
[Date "1999.??.??"]
[Round "4"]
[White "Dudek, Karel"]
[Black "Jordanek, Jiri"]
[Result "0-1"]
[WhiteElo "2020"]
[BlackElo "1800"]
[PlyCount "50"]
[EventDate "1999.??.??"]
[EventType "corr"]

1. d4 Nf6 2. c4 e6 3. Nc3 Bb4 4. Qc2 O-O 5. a3 Bxc3+ 6. Qxc3 b6 7. Bg5 Bb7 8.
f3 h6 9. Bh4 d5 10. e3 c5 11. dxc5 bxc5 12. cxd5 g5 13. Bg3 Nxd5 14. Qxc5 Nd7
15. Qd4 e5 16. Qd2 Nc5 17. Bc4 Nb6 18. Qxd8 Rfxd8 19. Be2 e4 20. Rd1 Rxd1+ 21.
Kxd1 Rd8+ 22. Kc1 Nd3+ 23. Bxd3 exd3 24. Be1 Na4 25. h4 Rc8+ 0-1

[Event "3MCR_4D_2LA_4S"]
[Site "?"]
[Date "1999.??.??"]
[Round "4"]
[White "Jordanek, Jiri"]
[Black "Orlicek, Karel"]
[Result "0-1"]
[WhiteElo "1800"]
[BlackElo "2010"]
[PlyCount "62"]
[EventDate "1999.??.??"]
[EventType "corr"]

1. e4 c5 2. Nf3 Nc6 3. d4 cxd4 4. Nxd4 Nf6 5. Nc3 e5 6. Ndb5 d6 7. Bg5 a6 8.
Na3 b5 9. Nd5 Be7 10. Bxf6 Bxf6 11. c3 O-O 12. Nc2 Rb8 13. h4 Ne7 14. Nxf6+
gxf6 15. Qd2 Bb7 16. Bd3 d5 17. exd5 Qxd5 18. O-O-O e4 19. Nb4 Qf5 20. Bf1 Rfc8
21. Nc2 Nc6 22. Qe3 b4 23. c4 Ne5 24. Kb1 Ng4 25. Qg3 Kh8 26. Nd4 Qg6 27. Qf4
Rg8 28. Nc2 Qh5 29. Ne3 Qe5 30. Qxe5 fxe5 31. Rh3 Nxf2 0-1

[Event "3MCR_4D_2LA_4S"]
[Site "?"]
[Date "1999.??.??"]
[Round "4"]
[White "Doktor, Pavel"]
[Black "Macik, Jiri"]
[Result "0-1"]
[WhiteElo "1985"]
[BlackElo "2050"]
[PlyCount "42"]
[EventDate "1999.??.??"]
[EventType "corr"]

1. e4 Nf6 2. e5 Nd5 3. d4 d6 4. Nf3 g6 5. Bc4 Nb6 6. Bb3 Bg7 7. Ng5 e6 8. f4
dxe5 9. fxe5 c5 10. c3 cxd4 11. O-O O-O 12. cxd4 Nc6 13. Nf3 f6 14. exf6 Qxf6
15. Be3 Nd5 16. Bf2 Nf4 17. Nc3 Nh3+ 18. gxh3 Qxf3 19. Qxf3 Rxf3 20. Nb5 Bd7
21. Kg2 Raf8 0-1

[Event "3MCR_4D_2LA_4S"]
[Site "?"]
[Date "1999.??.??"]
[Round "4"]
[White "Rubes, Zdenek"]
[Black "Trcka, Vaclav"]
[Result "0-1"]
[WhiteElo "1800"]
[BlackElo "2130"]
[PlyCount "74"]
[EventDate "1999.??.??"]
[EventType "corr"]

1. d4 f5 2. Bg5 Nf6 3. Bxf6 exf6 4. Nd2 d5 5. e3 c6 6. Bd3 Bd6 7. Qf3 g6 8. Ne2
Na6 9. Bxa6 bxa6 10. c4 Qa5 11. c5 Bc7 12. Nc3 Rb8 13. Rb1 O-O 14. O-O Qb4 15.
a3 Qb7 16. b4 Be6 17. Rfe1 Rfe8 18. Qh3 Qc8 19. Qh4 Kg7 20. f3 Qd7 21. Nb3 Re7
22. Qf2 Rbe8 23. Qd2 Qd8 24. Na1 Bd7 25. Nc2 h5 26. Qd3 Qb8 27. h3 Bh2+ 28. Kh1
Bg3 29. Rf1 f4 30. e4 Qc8 31. Kg1 dxe4 32. fxe4 Rxe4 33. Nxe4 Bf5 34. Rb2 Rxe4
35. Qd2 Qe6 36. Na1 Bg4 37. d5 Qe5 0-1

[Event "3MCR_4D_2LA_4S"]
[Site "?"]
[Date "1999.??.??"]
[Round "4"]
[White "Bernath, Stepan"]
[Black "Celbr, Rudolf"]
[Result "0-1"]
[WhiteElo "1800"]
[BlackElo "1800"]
[PlyCount "44"]
[EventDate "1999.??.??"]
[EventType "corr"]

1. e4 c5 2. Nf3 d6 3. d4 cxd4 4. Nxd4 Nf6 5. Nc3 Nc6 6. Bc4 Qb6 7. Nxc6 bxc6 8.
O-O e6 9. b3 Be7 10. Bb2 O-O 11. Qe2 Qc7 12. Rae1 Nd7 13. Na4 Bb7 14. f4 Nb6
15. Nxb6 axb6 16. a4 d5 17. Bd3 Bb4 18. Kh1 Bxe1 19. exd5 Bb4 20. Bxh7+ Kxh7
21. Bf6 Rh8 22. Qg4 Bf8 0-1

[Event "3MCR_4D_2LA_4S"]
[Site "?"]
[Date "1999.??.??"]
[Round "4"]
[White "Rybakova, Ivana"]
[Black "Bernath, Stepan"]
[Result "1-0"]
[WhiteElo "1400"]
[BlackElo "1800"]
[PlyCount "51"]
[EventDate "1999.??.??"]
[EventType "corr"]

1. e4 c5 2. c3 d5 3. exd5 Qxd5 4. d4 Nc6 5. Nf3 Bg4 6. Be2 O-O-O 7. O-O Nf6 8.
h3 Bh5 9. Be3 e5 10. c4 Qd7 11. d5 Qc7 12. Nc3 a6 13. Na4 Nd4 14. Bxd4 Bxf3 15.
Bxf3 cxd4 16. c5 e4 17. Bxe4 Nxe4 18. Qg4+ Kb8 19. Qxe4 Qd7 20. Nb6 Qb5 21. b4
Qxb4 22. Nd7+ Ka7 23. Rab1 Qa4 24. Nxf8 Rhxf8 25. c6 Rb8 26. Qe7 1-0

[Event "3MCR_4D_2LA_4S"]
[Site "?"]
[Date "1999.??.??"]
[Round "4"]
[White "Orlicek, Karel"]
[Black "Doktor, Pavel"]
[Result "1-0"]
[WhiteElo "2010"]
[BlackElo "1985"]
[PlyCount "47"]
[EventDate "1999.??.??"]
[EventType "corr"]

1. d4 Nf6 2. Nf3 e6 3. Bg5 Be7 4. Nbd2 d5 5. e3 b6 6. Bd3 Ba6 7. Bxa6 Nxa6 8.
c4 O-O 9. Qa4 Nb4 10. O-O a5 11. a3 Na6 12. Ne5 Nb8 13. Rac1 Nfd7 14. Nxd7 Nxd7
15. Bxe7 Qxe7 16. cxd5 Nf6 17. dxe6 fxe6 18. Rc6 Nd5 19. Qc2 Rf7 20. Nf3 Raf8
21. e4 Nf4 22. Ne5 Rf6 23. f3 Rc8 24. Kh1 1-0